000 00285nam a22001097a 4500
082 _a540 PAU'C
100 _aPAULING, LINUS
_939770
245 _aCOLLEGE CHEMISTRY AN INTRODUCTORY TEXTBOOK OF GENERAL CHEMISTRY
260 _aLONDON
_bW. H. FREEMAN
_c1964
300 _a832P
942 _cBK
999 _c583006
_d583006